00520nam a2200157 a 4500008004100000020001800041050001600059100002300075245012100098250001800219260004200237300000900279650002800288700002200316700002400338210326s2014 ||||||||||||||||| || u a9789814577908 aHD 58.7 Iva aIvancevich, John M10aOrganizational behavior and Management (Tenth edition)cby John M. Ivancevich, Ribert Konopaske, Micheal T. Matteson aTenth edition aNew YorkbMcGraw-Hill Educationc2014 a2014 0aORGANIZATIONAL BEHAVIOR aKonopaske, Robert aMatteson, Michael T